02206nam a2200361 u 4500001000800000005001700008007001000025008004100035035001200076040001300088041000800101080001100109100006100120245013300181260004300314300001800357520098700375650002801362650002701390650003001417650001701447650002301464650002701487650003201514650004701546650003401593650002101627650003601648700004701684856008201731942001201813999001901825136873120240129080242.0cr|||||||140430e20120516 spa  a1368731 ccomduadb aspa aDIM/CD10aCalderón Gutiérrez, Jorge Andrés4thseths959138310aEstudio de la interacción química y electroquímica entre el agua potable y mareriales metálicos utilizados en acueductos aMedellín :b[sin publicador],c2012. a126 páginas3 aEste trabajo de investigación fue realizado con el propósito de estudiar la interacción del material metálico de tubería y el agua potable, y el efecto de la velocidad de flujo en el comportamiento a la corrosión del material. Esto se logró empleando dos montajes diferentes que permitieron llevar a cabo la investigación en los materiales metálicos (acero al carbono 1016, cobre electrolítico y acero inoxidable 304) comúnmente empleados en redes domiciliarias. Los resultados de esta investigación indican claramente que el acero al carbono es el material con mayor velocidad de corrosión a causa de las características poco protectoras de la capa de productos de corrosión formada sobre su superficie, así como ocasiona una mayor variación en los parámetros del agua potable, ya que aumenta el valor de la conductividad y el potencial de hidrógeno principalmente en los parámetros químicos, así como turbiedad y color en los físicos. aAcero al carbono931316 aAcero inoxidable97467 7aAgua potable2embne92293 aCobre910066 aCorrosión919065 aElectroquímica92021 aCaptación del agua937743 aSistemas de distribución de agua9114166 aMateriales metálicos934469 aElectrodos95052 aVelocidad de corrosión93143310aRíos Rojas, Jhon Fredy4auteaut94337564 uhttps://drive.google.com/file/d/0B3M4CM04oR3MdzM2ZVdKNmVTUU0/edit?usp=sharing cBOOKn0 c677145d677145